|
|
|
|
| LEADER |
00000cam a2200000 7i4500 |
| 001 |
0000033560 |
| 002 |
000036227 |
| 005 |
20161214.0 |
| 020 |
|
|
|a 9677003771
|
| 090 |
0 |
0 |
|a 346.59502
|b MAL
|
| 110 |
2 |
|
|a Malaysia
|
| 245 |
0 |
0 |
|a Akta pendaftaran jurutera dan peraturan .
|p Registration of engineers act and regulations
|
| 260 |
|
|
|a Kuala Lumpur :
|b MDC Penerbit Pencetak Sdn.Bhd. ,
|c 1996
|
| 300 |
|
|
|a 91p. ;
|c 26cm.
|
| 490 |
0 |
|
|a Undang-Undang Malaysia
|
| 500 |
|
|
|a Semua pindaan hingga Januari,1996 (all amendments up to January,1996)
|
| 650 |
0 |
0 |
|a Akta 138
|
| 650 |
0 |
0 |
|a Engineers
|x Law and legislation
|z Malaysia
|
| 999 |
|
|
|a 048557
|b BUKU
|c AKTA
|e PERPUSTAKAAN KOMUNITI PETALING JAYA
|